[Event "RUS-ch Women Blitz 2019"]
[Site "Sochi"]
[Date "2019.10.17"]
[Round "9.4"]
[White "Garifullina, Leya"]
[Black "Guseva, Marina"]
[Result "1/2-1/2"]
[WhiteElo "2330"]
[BlackElo "2366"]
[Annotator "NA"]
[PlyCount "117"]
[EventDate "2019.10.17"]
[EventType "swiss"]
[EventCountry "RUS"]
[SourceTitle "playchess.com"]
[Source "ChessBase"]
[SourceQuality "1"]
[TimeControl "180+2"]

1. e4 {[%emt 0:00:00]} c6 {[%emt 0:00:00]} 2. d4 {[%emt 0:00:00]} d5 {[%emt 0:00:00]} 3. e5 {[%emt 0:00:01]} Bf5 {[%emt 0:00:01]} 4. h4 {[%emt 0:00:00]} c5 {[%emt 0:00:07]} 5. dxc5 {[%emt 0:00:02]} Qc7 {[%emt 0:00:36]} 6. Qxd5 {[%emt 0:00:10]} e6 {[%emt 0:00:03]} 7. Qc4 {[%emt 0:00:07]} Qxe5+ {[%emt 0:00:04]} 8. Be2 {[%emt 0:00:11]} Qxc5 {[%emt 0:00:04]} 9. Qa4+ {[%emt 0:00:24]} Nc6 {[%emt 0:00:04]} 10. Nc3 {[%emt 0:00:01]} Qd4 {[%emt 0:00:33]} 11. Qb5 {[%emt 0:00:14]} O-O-O {[%emt 0:00:11]} 12. Be3 {[%emt 0:00:27]} Qb4 {[%emt 0:00:04]} 13. a3 {[%emt 0:00:02]} Qxb5 {[%emt 0:00:02]} 14. Nxb5 {[%emt 0:00:08]} a6 {[%emt 0:00:08]} 15. Na7+ {[%emt 0:00:06]} Nxa7 {[%emt 0:00:02]} 16. Bxa7 {[%emt 0:00:02]} Nf6 {[%emt 0:00:07]} 17. Nf3 {[%emt 0:00:06]} Bd6 {[%emt 0:00:13]} 18. Bd4 {[%emt 0:00:04]} Bc7 {[%emt 0:00:08]} 19. O-O-O {[%emt 0:00:35]} Ne4 {[%emt 0:00:51]} 20. Be3 {[%emt 0:00:10]} e5 {[%emt 0:00:09]} 21. Bc4 {[%emt 0:00:07]} f6 {[%emt 0:00:03]} 22. Nd2 {[%emt 0:00:19]} Nxd2 {[%emt 0:00:04]} 23. Rxd2 {[%emt 0:00:01]} Rxd2 {[%emt 0:00:02]} 24. Kxd2 {[%emt 0:00:01]} Rd8+ {[%emt 0:00:01]} 25. Kc1 {[%emt 0:00:01]} b5 {[%emt 0:00:01]} 26. Be2 {[%emt 0:00:04]} Be4 {[%emt 0:00:01]} 27. f3 {[%emt 0:00:02]} Bc6 {[%emt 0:00:02]} 28. h5 {[%emt 0:00:10]} e4 {[%emt 0:00:06]} 29. f4 {[%emt 0:00:11]} f5 {[%emt 0:00:01]} 30. g4 {[%emt 0:00:02]} g6 {[%emt 0:00:03]} 31. hxg6 {[%emt 0:00:02]} hxg6 {[%emt 0:00:01]} 32. Rh6 {[%emt 0:00:04]} Be8 {[%emt 0:00:08]} 33. c4 {[%emt 0:00:07]} bxc4 {[%emt 0:00:02]} 34. Bxc4 {[%emt 0:00:01]} a5 {[%emt 0:00:03]} 35. Be6+ {[%emt 0:00:02]} Bd7 {[%emt 0:00:01]} 36. Bxd7+ {[%emt 0:00:01]} Rxd7 {[%emt 0:00:01]} 37. Rxg6 {[%emt 0:00:01]} fxg4 {[%emt 0:00:01]} 38. Rxg4 {[%emt 0:00:01]} Rd3 {[%emt 0:00:01]} 39. Bd2 {[%emt 0:00:07]} e3 {[%emt 0:00:02]} 40. Be1 {[%emt 0:00:01]} e2 {[%emt 0:00:01]} 41. Bd2 {[%emt 0:00:01]} Bb6 {[%emt 0:00:03]} 42. Rg2 {[%emt 0:00:03]} Rf3 {[%emt 0:00:04]} 43. Rxe2 {[%emt 0:00:01]} Kb7 {[%emt 0:00:03]} 44. Kc2 {[%emt 0:00:02]} Bc7 {[%emt 0:00:02]} 45. Re7 {[%emt 0:00:02]} Kc6 {[%emt 0:00:01]} 46. Re6+ {[%emt 0:00:01]} Kb5 {[%emt 0:00:02]} 47. Rf6 {[%emt 0:00:01]} a4 {[%emt 0:00:02]} 48. Rf5+ {[%emt 0:00:02]} Kc4 {[%emt 0:00:02]} 49. Rf8 {[%emt 0:00:02]} Bb6 {[%emt 0:00:03]} 50. Rc8+ {[%emt 0:00:01]} Kb5 {[%emt 0:00:01]} 51. Rc3 {[%emt 0:00:03]} Rf2 {[%emt 0:00:01]} 52. Rd3 {[%emt 0:00:01]} Kc4 {[%emt 0:00:02]} 53. Rc3+ {[%emt 0:00:02]} Kb5 {[%emt 0:00:01]} 54. b3 {[%emt 0:00:01]} axb3+ {[%emt 0:00:01]} 55. Rxb3+ {[%emt 0:00:01]} Kc6 {[%emt 0:00:03]} 56. a4 {[%emt 0:00:02]} Ba5 {[%emt 0:00:02]} 57. Rd3 {[%emt 0:00:01]} Bxd2 {[%emt 0:00:02]} 58. Rxd2 {[%emt 0:00:01]} Rxf4 {[%emt 0:00:01]} 59. Kb3 {[%emt 0:00:01] Kd5} 1/2-1/2

[Event "RUS-ch Women Blitz 2019"]
[Site "Sochi"]
[Date "2019.10.17"]
[Round "9.5"]
[White "Tomilova, Elena"]
[Black "Lysenko, Margarita"]
[Result "1-0"]
[WhiteElo "2345"]
[BlackElo "2243"]
[Annotator "TA"]
[PlyCount "66"]
[EventDate "2019.10.17"]
[EventType "swiss"]
[EventCountry "RUS"]
[SourceTitle "playchess.com"]
[Source "ChessBase"]
[SourceQuality "1"]

{[%evp 9,66,22,21,33,26,19,31,28,31,25,22,29,53,25,38,-9,-27,-79,-79,-91,-30,-25,-21,-16,-21,-24,-12,-63,0,-2,-3,-5,0,-35,-11,-32,0,0,0,-47,-42,-64,-53,-52,-45,-73,-12,-14,-32,-26,0,0,0,0,0,0,123,127,232]} 1. d4 Nf6 2. Bg5 c5 3. Bxf6 gxf6 4. d5 d6 5. c4 f5 6. Nc3 {A45: Trompowsky Attack} Bg7 7. e3 Nd7 8. Qc2 {White is slightly better.} Ne5 9. Be2 Bd7 10. Nh3 Qa5 $146 ({Predecessor:} 10... Ng6 11. O-O Rg8 12. f4 e5 13. dxe6 fxe6 {0-1 (28) Sedlak,N (2567)-Kiewra,K (2311) Mesa 2010}) 11. a3 a6 {[%cal Ba7a6,Ba6b5][%mdl 32]} 12. Rb1 b5 13. cxb5 (13. O-O $11) 13... axb5 $17 14. b4 {[#]} cxb4 ({Reject} 14... Qxa3 $6 15. Nxb5 Qa2 16. Qxa2 $11) ({Better is} 14... Qb6 $1 $17 15. O-O c4) 15. axb4 $11 Qc7 {White must now prevent ...Ra3.} 16. O-O O-O 17. Rfc1 Rfc8 18. Nf4 (18. Qd1 $11) 18... Qb7 (18... Ng6 $15 19. Rb3 Nxf4 20. exf4 Qb6) 19. Qd2 Nc4 20. Bxc4 Rxc4 21. Nh5 Bh8 $36 {[%mdl 2048] Black has the initiative.} 22. Ne2 Rac8 23. Rxc4 Rxc4 24. Nef4 Qc8 25. h3 Rc2 26. Qd1 Qc3 27. Qf3 Rc1+ ({Black should try} 27... Kf8 $17) 28. Rxc1 Qxc1+ 29. Kh2 Qc3 30. Qg3+ Kf8 31. Qg5 Qe5 32. Qh6+ Bg7 (32... Kg8 $11) 33. Qxh7 $16 ({Of course not} 33. Nxg7 $6 Qxg7 34. Qh4 Ke8 $11) 33... Bc8 {Accuracy: White = 52%, Black = 41%.} (33... Bh8 $16 34. h4 Qa1) 1-0

[Event "RUS-ch Women Blitz 2019"]
[Site "Sochi"]
[Date "2019.10.17"]
[Round "9.6"]
[White "Pogonina, Natalija"]
[Black "Charochkina, Daria"]
[Result "1-0"]
[WhiteElo "2479"]
[BlackElo "2355"]
[Annotator "ChessBase"]
[PlyCount "121"]
[EventDate "2019.10.17"]
[EventType "swiss"]
[EventCountry "RUS"]
[SourceTitle "playchess.com"]
[Source "ChessBase"]
[SourceQuality "1"]
[TimeControl "180+2"]

1. d4 {[%emt 0:00:00]} d5 {[%emt 0:00:00]} 2. g3 {[%emt 0:00:02]} Nf6 {[%emt 0:00:02]} 3. Bg2 {[%emt 0:00:01]} g6 {[%emt 0:00:02]} 4. c4 {[%emt 0:00:05]} c6 {[%emt 0:00:01]} 5. Qa4 {[%emt 0:00:10]} Bg7 {[%emt 0:00:05]} 6. cxd5 {[%emt 0:00:03]} Nxd5 {[%emt 0:00:02]} 7. Nf3 {[%emt 0:00:04]} O-O {[%emt 0:00:04]} 8. O-O {[%emt 0:00:02]} Nb6 {[%emt 0:00:08]} 9. Qc2 {[%emt 0:00:04]} Bg4 {[%emt 0:00:07]} 10. Rd1 {[%emt 0:00:04]} N8d7 {[%emt 0:00:06]} 11. Nc3 {[%emt 0:00:03]} Rc8 {[%emt 0:00:06]} 12. Bf4 {[%emt 0:00:06]} Nd5 {[%emt 0:00:26]} 13. Nxd5 {[%emt 0:00:08]} cxd5 {[%emt 0:00:01]} 14. Qb3 {[%emt 0:00:02]} Nb6 {[%emt 0:00:07]} 15. a4 {[%emt 0:00:14]} Bf5 {[%emt 0:00:08]} 16. Rdc1 {[%emt 0:00:04]} Qd7 {[%emt 0:00:49]} 17. Ne5 {[%emt 0:00:16]} Bxe5 {[%emt 0:00:02]} 18. Bxe5 {[%emt 0:00:02]} Nc4 {[%emt 0:00:01]} 19. Bf4 {[%emt 0:00:08]} Be6 {[%emt 0:00:04]} 20. a5 {[%emt 0:00:08]} a6 {[%emt 0:00:08]} 21. Qb4 {[%emt 0:00:03]} Nd6 {[%emt 0:00:13]} 22. Bxd6 {[%emt 0:00:07]} exd6 {[%emt 0:00:01]} 23. e3 {[%emt 0:00:07]} Rc6 {[%emt 0:00:06]} 24. Bf1 {[%emt 0:00:26]} Rfc8 {[%emt 0:00:02]} 25. Rxc6 {[%emt 0:00:04]} Qxc6 {[%emt 0:00:01]} 26. Ra3 {[%emt 0:00:02]} Qc1 {[%emt 0:00:04]} 27. Rc3 {[%emt 0:00:03]} Rxc3 {[%emt 0:00:03]} 28. Qxc3 {[%emt 0:00:02]} Qa1 {[%emt 0:00:10]} 29. h4 Bh3 {[%emt 0:00:08]} 30. Qd3 {[%emt 0:00:36]} Bxf1 {[%emt 0:00:05]} 31. Qxf1 {[%emt 0:00:02]} Qxa5 {[%emt 0:00:06]} 32. Qc1 {[%emt 0:00:04]} Qd8 {[%emt 0:00:06]} 33. Kg2 {[%emt 0:00:03]} Kg7 {[%emt 0:00:01]} 34. Qc3 {[%emt 0:00:03]} h5 {[%emt 0:00:05]} 35. Qb3 {[%emt 0:00:03]} Qc7 {[%emt 0:00:05]} 36. Qxd5 {[%emt 0:00:03]} Qc6 {[%emt 0:00:16]} 37. Qxc6 {[%emt 0:00:02]} bxc6 {[%emt 0:00:01]} 38. Kf3 {[%emt 0:00:09]} Kf6 {[%emt 0:00:02]} 39. Ke4 {[%emt 0:00:02]} Ke6 {[%emt 0:00:00]} 40. f3 {[%emt 0:00:04]} c5 {[%emt 0:00:06]} 41. dxc5 {[%emt 0:00:08]} dxc5 {[%emt 0:00:01]} 42. Kd3 {[%emt 0:00:01]} f5 {[%emt 0:00:03]} 43. Kc4 {[%emt 0:00:02]} Kd6 {[%emt 0:00:00]} 44. b3 {[%emt 0:00:06]} Kc6 {[%emt 0:00:04]} 45. e4 {[%emt 0:00:08]} fxe4 {[%emt 0:00:01]} 46. fxe4 {[%emt 0:00:01]} Kd6 {[%emt 0:00:01]} 47. e5+ {[%emt 0:00:02]} Kxe5 {[%emt 0:00:02]} 48. Kxc5 {[%emt 0:00:01]} Ke4 {[%emt 0:00:04]} 49. Kb6 {[%emt 0:00:02]} Kd3 {[%emt 0:00:08]} 50. Kxa6 {[%emt 0:00:03]} Kc3 {[%emt 0:00:00]} 51. Kb5 {[%emt 0:00:02]} Kxb3 {[%emt 0:00:01]} 52. Kc5 {[%emt 0:00:01]} Kc3 {[%emt 0:00:01]} 53. Kd5 {[%emt 0:00:02]} Kd3 {[%emt 0:00:01]} 54. Ke5 {[%emt 0:00:01]} Ke3 {[%emt 0:00:01]} 55. Kf6 {[%emt 0:00:02]} Kf3 {[%emt 0:00:01]} 56. Kxg6 {[%emt 0:00:01]} Kxg3 {[%emt 0:00:01]} 57. Kxh5 {[%emt 0:00:01]} Kf4 {[%emt 0:00:02]} 58. Kg6 {[%emt 0:00:01]} Ke5 {[%emt 0:00:04]} 59. h5 {[%emt 0:00:01]} Ke6 {[%emt 0:00:01]} 60. h6 {[%emt 0:00:02]} Ke7 {[%emt 0:00:00]} 61. Kg7 {[%emt 0:00:01]} 1-0

[Event "RUS-ch Women Blitz 2019"]
[Site "Sochi"]
[Date "2019.10.17"]
[Round "9.7"]
[White "Markelova, Lubov"]
[Black "Ambartsumova, Karina"]
[Result "0-1"]
[WhiteElo "2198"]
[BlackElo "2341"]
[Annotator "NA"]
[PlyCount "104"]
[EventDate "2019.10.17"]
[EventType "swiss"]
[EventCountry "RUS"]
[SourceTitle "playchess.com"]
[Source "ChessBase"]
[SourceQuality "1"]
[TimeControl "180+2"]

1. Nf3 {[%emt 0:00:00]} c5 {[%emt 0:00:06]} 2. c4 {[%emt 0:00:00]} Nc6 {[%emt 0:00:10]} 3. Nc3 {[%emt 0:00:02]} e6 {[%emt 0:00:15]} 4. e3 {[%emt 0:00:07]} Nf6 {[%emt 0:00:03]} 5. b3 {[%emt 0:00:16]} Be7 {[%emt 0:00:07]} 6. Bb2 {[%emt 0:00:05]} O-O {[%emt 0:00:02]} 7. Be2 {[%emt 0:00:15]} d5 {[%emt 0:00:04]} 8. cxd5 {[%emt 0:00:03]} Nxd5 {[%emt 0:00:13]} 9. Nxd5 {[%emt 0:00:10]} Qxd5 {[%emt 0:00:01]} 10. O-O {[%emt 0:00:11]} Rd8 {[%emt 0:00:15]} 11. d4 {[%emt 0:00:06]} Bf6 {[%emt 0:00:20]} 12. Ne5 {[%emt 0:00:58]} Bxe5 {[%emt 0:00:48]} 13. dxe5 {[%emt 0:00:05]} Qd2 {[%emt 0:00:04]} 14. Rb1 {[%emt 0:00:44]} b6 {[%emt 0:00:16]} 15. Bf3 {[%emt 0:00:14]} Bb7 {[%emt 0:00:00]} 16. Qc1 {[%emt 0:00:03]} Qxc1 {[%emt 0:00:05]} 17. Rbxc1 {[%emt 0:00:04]} Rd2 {[%emt 0:00:03]} 18. Bc3 {[%emt 0:00:05]} Rd7 {[%emt 0:00:18]} 19. Rfd1 {[%emt 0:00:01]} Rad8 {[%emt 0:00:00]} 20. Rxd7 {[%emt 0:00:01]} Rxd7 {[%emt 0:00:01]} 21. Rd1 {[%emt 0:00:02]} Rxd1+ {[%emt 0:00:04]} 22. Bxd1 {[%emt 0:00:00]} Ne7 {[%emt 0:00:02]} 23. Bf3 {[%emt 0:00:07]} Bxf3 {[%emt 0:00:03]} 24. gxf3 {[%emt 0:00:01]} Nd5 {[%emt 0:00:06]} 25. Bd2 {[%emt 0:00:03]} b5 {[%emt 0:00:07]} 26. Kf1 {[%emt 0:00:02]} Kf8 {[%emt 0:00:04]} 27. Ke2 {[%emt 0:00:02]} Ke7 {[%emt 0:00:03]} 28. e4 {[%emt 0:00:02]} Nb6 {[%emt 0:00:03]} 29. Kd3 {[%emt 0:00:01]} Kd7 {[%emt 0:00:02]} 30. Be3 {[%emt 0:00:03]} Kc6 {[%emt 0:00:01]} 31. Kc3 {[%emt 0:00:02]} Nd7 {[%emt 0:00:02]} 32. f4 {[%emt 0:00:01]} g6 {[%emt 0:00:02]} 33. a3 {[%emt 0:00:03]} a5 {[%emt 0:00:03]} 34. f3 {[%emt 0:00:03]} Nb6 {[%emt 0:00:05]} 35. Bf2 {[%emt 0:00:05]} b4+ {[%emt 0:00:02]} 36. axb4 {[%emt 0:00:01]} axb4+ {[%emt 0:00:01]} 37. Kc2 {[%emt 0:00:02]} Kb5 {[%emt 0:00:01]} 38. Kd3 {[%emt 0:00:01]} Nc8 {[%emt 0:00:02]} 39. Be3 {[%emt 0:00:02]} Ne7 {[%emt 0:00:03]} 40. Bf2 {[%emt 0:00:01]} Nc6 {[%emt 0:00:00]} 41. Be3 {[%emt 0:00:02]} Na5 {[%emt 0:00:01]} 42. Kc2 {[%emt 0:00:01]} c4 {[%emt 0:00:01]} 43. bxc4+ {[%emt 0:00:01]} Kxc4 {[%emt 0:00:00]} 44. Bb6 {[%emt 0:00:01]} Nc6 {[%emt 0:00:03]} 45. Bc7 {[%emt 0:00:03]} b3+ {[%emt 0:00:01]} 46. Kb2 {[%emt 0:00:01]} Nb4 {[%emt 0:00:01]} 47. Ba5 {[%emt 0:00:03]} Nd3+ {[%emt 0:00:01]} 48. Kb1 {[%emt 0:00:01]} Nxf4 {[%emt 0:00:03]} 49. Bd2 {[%emt 0:00:06]} Nd3 {[%emt 0:00:02]} 50. f4 {[%emt 0:00:02]} Nf2 {[%emt 0:00:01]} 51. f5 {[%emt 0:00:02]} Nxe4 {[%emt 0:00:01]} 52. Be3 {[%emt 0:00:01]} exf5 {[%emt 0:00:04]} 0-1

[Event "RUS-ch Women Blitz 2019"]
[Site "Sochi"]
[Date "2019.10.17"]
[Round "9.8"]
[White "Serditykh, Olesya"]
[Black "Styazhkina, Anna"]
[Result "0-1"]
[WhiteElo "1990"]
[BlackElo "2280"]
[Annotator "NA"]
[PlyCount "76"]
[EventDate "2019.10.17"]
[EventType "swiss"]
[EventCountry "RUS"]
[SourceTitle "playchess.com"]
[Source "ChessBase"]
[SourceQuality "1"]
[TimeControl "180+2"]

1. d4 {[%emt 0:00:00]} d5 {[%emt 0:00:00]} 2. Nf3 {[%emt 0:00:00]} Nf6 {[%emt 0:00:01]} 3. c4 {[%emt 0:00:01]} c6 {[%emt 0:00:01]} 4. Nc3 {[%emt 0:00:02]} dxc4 {[%emt 0:00:02]} 5. a4 {[%emt 0:00:01]} Bf5 {[%emt 0:00:02]} 6. e3 {[%emt 0:00:01]} e6 {[%emt 0:00:01]} 7. Bxc4 {[%emt 0:00:01]} Bb4 {[%emt 0:00:02]} 8. O-O {[%emt 0:00:02]} O-O {[%emt 0:00:01]} 9. Qe2 {[%emt 0:00:03]} Bg6 {[%emt 0:00:08]} 10. Ne5 {[%emt 0:00:05]} Nbd7 {[%emt 0:00:09]} 11. Nxg6 {[%emt 0:00:03]} hxg6 {[%emt 0:00:06]} 12. Rd1 {[%emt 0:00:02]} Qa5 {[%emt 0:00:11]} 13. Bd2 {[%emt 0:00:03]} Rad8 {[%emt 0:00:04]} 14. h3 {[%emt 0:00:31]} c5 {[%emt 0:00:09]} 15. d5 {[%emt 0:00:52]} e5 {[%emt 0:00:37]} 16. e4 {[%emt 0:00:07]} Nb6 {[%emt 0:00:17]} 17. Bb3 {[%emt 0:00:12]} Nc8 {[%emt 0:00:01]} 18. Rac1 {[%emt 0:00:39]} Nd6 {[%emt 0:00:02]} 19. Bc2 {[%emt 0:00:01]} a6 {[%emt 0:00:15]} 20. Rf1 {[%emt 0:00:12]} Rfe8 {[%emt 0:00:02]} 21. Rce1 {[%emt 0:00:02]} c4 {[%emt 0:00:24]} 22. Qf3 {[%emt 0:00:28]} Qc5 {[%emt 0:00:18]} 23. Bg5 {[%emt 0:00:08]} Qd4 {[%emt 0:00:18]} 24. Rd1 {[%emt 0:00:04]} Qb6 {[%emt 0:00:03]} 25. Bxf6 {[%emt 0:00:04]} gxf6 {[%emt 0:00:02]} 26. Qxf6 {[%emt 0:00:02]} Bc5 {[%emt 0:00:08]} 27. Qf3 {[%emt 0:00:01]} Qxb2 {[%emt 0:00:02]} 28. Rc1 {[%emt 0:00:05]} Qb6 {[%emt 0:00:04]} 29. Rb1 {[%emt 0:00:02]} Qc7 {[%emt 0:00:03]} 30. Rfc1 {[%emt 0:00:01]} Kg7 {[%emt 0:00:05]} 31. Bd1 {[%emt 0:00:02]} Rb8 {[%emt 0:00:03]} 32. Be2 {[%emt 0:00:02]} b5 {[%emt 0:00:01]} 33. axb5 {[%emt 0:00:01]} axb5 {[%emt 0:00:03]} 34. Qg3 {[%emt 0:00:02]} Bd4 {[%emt 0:00:03]} 35. Kh1 {[%emt 0:00:04]} b4 {[%emt 0:00:04]} 36. Nd1 {[%emt 0:00:02]} c3 {[%emt 0:00:02]} 37. Ne3 {[%emt 0:00:01]} Nxe4 {[%emt 0:00:05]} 38. Qf3 {[%emt 0:00:03]} Nd2 {[%emt 0:00:01]} 0-1

[Event "RUS-ch Women Blitz 2019"]
[Site "Sochi"]
[Date "2019.10.17"]
[Round "9.9"]
[White "Afonasieva, Anna"]
[Black "Bivol, Alina"]
[Result "1-0"]
[WhiteElo "2312"]
[BlackElo "2371"]
[Annotator "TA"]
[PlyCount "57"]
[EventDate "2019.10.17"]
[EventType "swiss"]
[EventCountry "RUS"]
[SourceTitle "playchess.com"]
[Source "ChessBase"]
[SourceQuality "1"]

{[%evp 18,57,60,47,51,29,49,37,37,28,45,30,32,0,43,25,120,-28,239,244,267,263,418,289,335,350,356,344,417,413,564,474,940,786,942,903,29996,29997,29997,29998,29998,29999]} 1. d4 Nf6 2. Nf3 g6 3. c4 Bg7 4. g3 d6 5. Bg2 O-O 6. O-O Nbd7 7. Qc2 e5 8. Rd1 exd4 9. Nxd4 a6 10. Nc3 Nc5 {E60: King's Indian: Unusual lines and Fianchetto Variation without Nc3} (10... Re8 11. b3 Rb8 12. h3 c5 13. Nf3 b5 14. cxb5 axb5 15. Bb2 Qe7 16. e3 b4 17. Nd5 Nxd5 18. Rxd5 Nf6 19. Rdd1 Bf5 {0-1 (36) Melkumyan,H (2622)-Mamedov,R (2657) Berlin 2015}) 11. b3 $146 (11. e4 {keeps more tension.} a5 12. b3 Re8 13. Rb1 Bd7 14. f3) ({Predecessor:} 11. h3 Rb8 12. e4 Re8 13. b4 Ne6 14. Nb3 Qe7 15. a4 h6 16. Kh2 Ng5 17. Bb2 {1-0 (42) Buckels,V (2332)-Milort,G (1948) Leiden 2017}) 11... Ne6 12. Nxe6 fxe6 {White is slightly better.} 13. h3 Qe7 14. e4 Nd7 15. Bb2 Qf7 16. f4 e5 (16... Rb8 $11 {remains equal.}) 17. Nd5 (17. Rf1 $16) 17... Nc5 $2 {[%mdl 8192] [#]} (17... c6 $1 $11 18. Nc7 Ra7) 18. fxe5 $1 $18 Be6 19. exd6 Bxb2 (19... cxd6 $142 20. Rf1 Bxb2) 20. Qxb2 {And now Ne7+ would win.} Bxd5 21. Rxd5 ({Not} 21. cxd5 cxd6 22. e5 Qg7 $16) 21... cxd6 22. Rxd6 Qe7 23. e5 Kg7 24. Rad1 {[#] Black must now prevent Rd7!} Kh6 (24... Rad8 $142 25. Qd4 Ne6) 25. b4 Ne6 26. Qd2+ Kh5 27. g4+ {White mates.} Kh4 28. Qh6+ Kg3 29. R6d3+ {Accuracy: White = 49%, Black = 19%.} 1-0

[Event "RUS-ch Women Blitz 2019"]
[Site "Sochi"]
[Date "2019.10.17"]
[Round "9.10"]
[White "Sukhareva, Evgeniya"]
[Black "Zhurova, Anna"]
[Result "1-0"]
[WhiteElo "2122"]
[BlackElo "1987"]
[Annotator "NA"]
[PlyCount "88"]
[EventDate "2019.10.17"]
[EventType "swiss"]
[EventCountry "RUS"]
[SourceTitle "playchess.com"]
[Source "ChessBase"]
[SourceQuality "1"]
[TimeControl "180+2"]

1. d4 {[%emt 0:00:00]} c5 {[%emt 0:00:00]} 2. d5 {[%emt 0:00:01]} f5 {[%emt 0:00:00]} 3. c4 {[%emt 0:00:05]} g6 {[%emt 0:00:00]} 4. g3 {[%emt 0:00:05]} Bg7 {[%emt 0:00:01]} 5. Bg2 {[%emt 0:00:01]} d6 {[%emt 0:00:01]} 6. Nf3 {[%emt 0:00:04]} Nf6 {[%emt 0:00:01]} 7. Nc3 {[%emt 0:00:02]} O-O {[%emt 0:00:01]} 8. O-O {[%emt 0:00:03]} Na6 {[%emt 0:00:01]} 9. Re1 {[%emt 0:00:02]} Nc7 {[%emt 0:00:01]} 10. e4 {[%emt 0:00:21]} fxe4 {[%emt 0:00:10]} 11. Nxe4 {[%emt 0:00:01]} Nxe4 {[%emt 0:00:01]} 12. Rxe4 {[%emt 0:00:02]} Bf5 {[%emt 0:00:01]} 13. Re1 {[%emt 0:00:02]} b5 {[%emt 0:00:04]} 14. Bg5 {[%emt 0:00:22]} Bf6 {[%emt 0:00:05]} 15. Bxf6 {[%emt 0:00:13]} exf6 {[%emt 0:00:40]} 16. b3 {[%emt 0:00:15]} Re8 {[%emt 0:00:05]} 17. Nh4 {[%emt 0:00:08]} Bd7 {[%emt 0:00:08]} 18. Qc2 {[%emt 0:00:08]} Kg7 {[%emt 0:00:06]} 19. Nf3 {[%emt 0:00:07]} Bf5 {[%emt 0:00:09]} 20. Qc3 {[%emt 0:00:01]} Qd7 21. Qa5 {[%emt 0:00:20]} Bd3 {[%emt 0:01:11]} 22. Nd2 {[%emt 0:00:24]} Re5 {[%emt 0:00:33]} 23. Bh3 {[%emt 0:00:22]} Qe7 {[%emt 0:00:15]} 24. Nf3 {[%emt 0:00:01]} Re4 {[%emt 0:00:08]} 25. Rxe4 {[%emt 0:00:11]} Bxe4 {[%emt 0:00:01]} 26. Re1 {[%emt 0:00:01]} Re8 {[%emt 0:00:03]} 27. Nd2 {[%emt 0:00:11]} f5 {[%emt 0:00:04]} 28. f3 {[%emt 0:00:02]} bxc4 {[%emt 0:00:01]} 29. fxe4 {[%emt 0:00:09]} Nxd5 {[%emt 0:00:01]} 30. Nxc4 Nf6 31. e5 {[%emt 0:00:11]} dxe5 {[%emt 0:00:02]} 32. Rxe5 {[%emt 0:00:01]} Qd7 {[%emt 0:00:02]} 33. Rxe8 {[%emt 0:00:02]} Qxe8 {[%emt 0:00:01]} 34. Qc3 {[%emt 0:00:03]} Qe6 {[%emt 0:00:06]} 35. Bf1 {[%emt 0:00:03]} Kf7 {[%emt 0:00:02]} 36. Bg2 {[%emt 0:00:03]} Ng4 {[%emt 0:00:02]} 37. Qd2 {[%emt 0:00:02]} Qe7 {[%emt 0:00:03]} 38. Bd5+ {[%emt 0:00:01]} Kf8 {[%emt 0:00:01]} 39. h3 {[%emt 0:00:01]} Nf6 {[%emt 0:00:02]} 40. Bg2 {[%emt 0:00:01]} Nh5 {[%emt 0:00:02]} 41. Kh2 {[%emt 0:00:01]} Qc7 {[%emt 0:00:01]} 42. Qd6+ {[%emt 0:00:01]} Qxd6 {[%emt 0:00:01]} 43. Nxd6 {[%emt 0:00:01]} Ke7 {[%emt 0:00:01]} 44. Nc8+ {[%emt 0:00:01]} Kd7 {[%emt 0:00:00]} 1-0

[Event "RUS-ch Women Blitz 2019"]
[Site "Sochi"]
[Date "2019.10.17"]
[Round "9.11"]
[White "Chernyak, Viktoria"]
[Black "Dubnikova, Anastasia"]
[Result "1-0"]
[WhiteElo "2284"]
[BlackElo "2171"]
[Annotator "NA"]
[PlyCount "113"]
[EventDate "2019.10.17"]
[EventType "swiss"]
[EventCountry "RUS"]
[SourceTitle "playchess.com"]
[Source "ChessBase"]
[SourceQuality "1"]
[TimeControl "180+2"]

1. c4 {[%emt 0:00:00]} e6 {[%emt 0:00:00]} 2. g3 {[%emt 0:00:04]} d5 {[%emt 0:00:01]} 3. Bg2 {[%emt 0:00:01]} Nf6 {[%emt 0:00:00]} 4. Nf3 {[%emt 0:00:02]} Be7 {[%emt 0:00:01]} 5. O-O {[%emt 0:00:01]} O-O {[%emt 0:00:02]} 6. b3 {[%emt 0:00:01]} c6 {[%emt 0:00:02]} 7. Bb2 {[%emt 0:00:03]} b6 {[%emt 0:00:02]} 8. d4 {[%emt 0:00:17]} Bb7 {[%emt 0:00:01]} 9. Nc3 {[%emt 0:00:05]} Nbd7 {[%emt 0:00:02]} 10. Rc1 {[%emt 0:00:01]} Rc8 {[%emt 0:00:07]} 11. e3 {[%emt 0:00:21]} Re8 {[%emt 0:00:14]} 12. Qe2 {[%emt 0:00:02]} Bd6 {[%emt 0:00:17]} 13. Rfd1 {[%emt 0:00:01]} Qe7 {[%emt 0:00:05]} 14. Qd3 {[%emt 0:00:42]} Ba6 {[%emt 0:00:33]} 15. h4 {[%emt 0:00:36]} Bb8 {[%emt 0:00:06]} 16. Bf1 {[%emt 0:00:14]} c5 {[%emt 0:00:30]} 17. Nb5 {[%emt 0:00:21]} Ne4 {[%emt 0:00:14]} 18. a4 {[%emt 0:00:06]} Ndf6 {[%emt 0:00:18]} 19. Bg2 {[%emt 0:00:05]} Ng4 {[%emt 0:00:12]} 20. Rf1 {[%emt 0:00:03]} Rcd8 {[%emt 0:00:10]} 21. Ne5 {[%emt 0:00:16]} Nxe5 {[%emt 0:00:18]} 22. dxe5 {[%emt 0:00:01]} Bb7 {[%emt 0:00:01]} 23. Qe2 {[%emt 0:00:08]} a6 {[%emt 0:00:03]} 24. Nc3 {[%emt 0:00:01]} Nxc3 {[%emt 0:00:02]} 25. Bxc3 {[%emt 0:00:01]} d4 {[%emt 0:00:03]} 26. exd4 {[%emt 0:00:05]} Bxg2 {[%emt 0:00:04]} 27. Kxg2 {[%emt 0:00:02]} cxd4 {[%emt 0:00:01]} 28. Bd2 {[%emt 0:00:01]} Qb7+ {[%emt 0:00:04]} 29. Kg1 {[%emt 0:00:02]} Qc6 {[%emt 0:00:11]} 30. Bf4 {[%emt 0:00:01]} Rd7 {[%emt 0:00:03]} 31. Rfd1 {[%emt 0:00:02]} h6 {[%emt 0:00:02]} 32. Rd3 {[%emt 0:00:02]} Red8 {[%emt 0:00:00]} 33. Rcd1 Qc5 34. Qe4 {[%emt 0:00:03]} a5 {[%emt 0:00:06]} 35. Kh2 {[%emt 0:00:02]} Bc7 {[%emt 0:00:03]} 36. h5 {[%emt 0:00:04]} Bb8 {[%emt 0:00:01]} 37. Qe2 {[%emt 0:00:06]} Qb4 {[%emt 0:00:01]} 38. Kg1 {[%emt 0:00:03]} Bc7 {[%emt 0:00:03]} 39. g4 {[%emt 0:00:02]} Qe7 {[%emt 0:00:04]} 40. Kg2 {[%emt 0:00:01]} Qb4 {[%emt 0:00:04]} 41. Qe4 {[%emt 0:00:02]} Bb8 {[%emt 0:00:02]} 42. Kg3 {[%emt 0:00:05]} Qc5 {[%emt 0:00:05]} 43. Kg2 {[%emt 0:00:01]} Bc7 {[%emt 0:00:01]} 44. f3 {[%emt 0:00:02]} Bb8 {[%emt 0:00:01]} 45. Kg3 {[%emt 0:00:01]} Bc7 {[%emt 0:00:00]} 46. Kh3 {[%emt 0:00:02]} Bb8 {[%emt 0:00:03]} 47. Bg3 {[%emt 0:00:02]} Bc7 {[%emt 0:00:04]} 48. Qe2 {[%emt 0:00:03]} Qb4 {[%emt 0:00:02]} 49. Bf2 {[%emt 0:00:03]} Qc5 {[%emt 0:00:02]} 50. Bg3 {[%emt 0:00:02]} Qb4 {[%emt 0:00:02]} 51. f4 {[%emt 0:00:02]} Bb8 {[%emt 0:00:05]} 52. Qe4 {[%emt 0:00:01]} Qc5 {[%emt 0:00:01]} 53. Bf2 {[%emt 0:00:01]} Kf8 {[%emt 0:00:07]} 54. Rxd4 {[%emt 0:00:02]} Rxd4 {[%emt 0:00:02]} 55. Rxd4 {[%emt 0:00:02]} Rxd4 {[%emt 0:00:02]} 56. Qxd4 {[%emt 0:00:02]} Qb4 {[%emt 0:00:02]} 57. Qd8# {[%emt 0:00:02]} 1-0